| 000 | 00866nam a22001577a 4500 | ||
|---|---|---|---|
| 003 | OSt | ||
| 005 | 20151116082605.0 | ||
| 008 | 151113b xxu||||| |||| 00| 0 eng d | ||
| 040 | _cRUA | ||
| 082 | _aFOR LAY 2008 B136 Or.1 | ||
| 100 |
_93636 _aLAY, KAINGRAVVOUN. |
||
| 245 | _athe demarcation process of permanent forest reserve boundary by wildlife alliance organization in chi phat commune, thmor bang district, kohkong province (ដំណើរការកំណត់ព្រំប្រទល់ដែនព្រៃបំរុងទុកអចិន្ត្រៃយ៍ដោយអង្គការសម្ព័ន្ធមិត្តសត្វព្រៃ នៅឃុំជីផាត ស្រុកថ្មបាំង ខេត្តកោះកុង) | ||
| 260 |
_aPhnom Penh _bRUA _c2008 |
||
| 300 |
_ax, 49p. _bill. _c29cm. |
||
| 942 |
_2ddc _cFOR |
||
| 999 |
_c3386 _d3386 |
||